000 00650nam a2200277Ia 4500
008 210210b2010 xxu||||| |||| 00| 0 eng d
020 _a9788177585629
041 _aeng
082 _a332 PATI
100 _aPATHAK (Bharati V)
245 _aIndian financial system: markets institutions and services Ed 2
250 _a
260 _aND
_bPearson Education
_c2010
300 _axiv735
650 _asystem:
650 _aservices
650 _amarkets
650 _ainstitutions
650 _aIndian
650 _afinancial
650 _aEd
650 _aand
650 _a2
690 _aFinancial Economics
906 _a064655
999 _c141543
_d141543